Southville International School and Colleges
Your cart is empty.
  • Cart
  • Lists
    Public lists Eva Luna New books Lux_list list_1
    Your lists Log in to create your own lists
  • Log in to your account
  • Your cookies
  • Search history
Southville International School and Colleges
  • Advanced search
  • Recent comments
  • Most popular
  • Libraries

Log in to your account

Log in with GOOGLE


If you do not have an external account, but do have a local account, you can still log in:

  1. Home
  2. MARC view: Development communication praxis /
Normal view MARC view ISBD view

Development communication praxis / (Record no. 15618)

[ view plain ]
MARC details
000 -LEADER
fixed length control field 00846cam a22002895a 4500
001 - CONTROL NUMBER
control field 15384296
003 - CONTROL NUMBER IDENTIFIER
control field OSt
005 - DATE AND TIME OF LATEST TRANSACTION
control field 20140310182744.0
008 - FIXED-LENGTH DATA ELEMENTS--GENERAL INFORMATION
fixed length control field 080727s2007 ph a b f000 0 eng
010 ## - LIBRARY OF CONGRESS CONTROL NUMBER
LC control number 2008337391
020 ## - INTERNATIONAL STANDARD BOOK NUMBER
International Standard Book Number 9789717672007
040 ## - CATALOGING SOURCE
Original cataloging agency DLC
Transcribing agency DLC
Modifying agency DLC
042 ## - AUTHENTICATION CODE
Authentication code lcode
043 ## - GEOGRAPHIC AREA CODE
Geographic area code a-ph---
050 ## - LIBRARY OF CONGRESS CALL NUMBER
Classification number HD 76
Item number .F56 2007
100 1# - MAIN ENTRY--PERSONAL NAME
Personal name Flor, Alexander G.
Dates associated with a name 1953-
245 10 - TITLE STATEMENT
Title Development communication praxis /
Statement of responsibility, etc Alexander G. Flor.
260 ## - PUBLICATION, DISTRIBUTION, ETC. (IMPRINT)
Place of publication, distribution, etc Diliman, Quezon City :
Name of publisher, distributor, etc University of the Philippines, Open University,
Date of publication, distribution, etc 2007.
300 ## - PHYSICAL DESCRIPTION
Extent 231 p. :
Other physical details ill. ;
Dimensions 23 cm.
521 ## - TARGET AUDIENCE NOTE
Target audience note
650 ## - SUBJECT ADDED ENTRY--TOPICAL TERM
Topical term or geographic name as entry element Agriculture
Form subdivision Research.
650 ## - SUBJECT ADDED ENTRY--TOPICAL TERM
Topical term or geographic name as entry element Communication
Form subdivision Culture
General subdivision Psych.
906 ## - LOCAL DATA ELEMENT F, LDF (RLIN)
a 7
b ibc
c origode
d 3
e ncip
f 20
g y-gencatlg
942 ## - ADDED ENTRY ELEMENTS (KOHA)
Source of classification or shelving scheme Library of Congress Classification
Koha item type Books
Call number prefix Local
Holdings
Withdrawn status Lost status Source of classification or shelving scheme Damaged status Home library Current library Shelving location Date acquired Source of acquisition Cost, normal purchase price Total Checkouts Full call number Barcode Date last seen Copy number Price effective from Koha item type
    Library of Congress Classification   College Library College Library General Circulation Section 06/13/2012   280.00   HD 76 .F56 2007 C12107 05/15/2018 1 10/18/2013 Books
    Library of Congress Classification   College Library College Library General Circulation Section 11/12/2013   280.00   HD 76 .F56 2007 C12108 05/15/2018 2 11/12/2013 Books
    Library of Congress Classification   College Library College Library General Circulation Section 11/12/2013   280.00   HD 76 .F56 2007 C14604 05/15/2018 3 11/12/2013 Books

Development communication praxis /

APA

Flor A. G., . (2007). Development communication praxis. Diliman, Quezon City: University of the Philippines, Open University.

Chicago

Flor Alexander G, . 2007. Development communication praxis. Diliman, Quezon City: University of the Philippines, Open University.

Harvard

Flor A. G., . (2007). Development communication praxis. Diliman, Quezon City: University of the Philippines, Open University.

MLA

Flor Alexander G, . Development communication praxis. Diliman, Quezon City: University of the Philippines, Open University. 2007.

  • Place hold
  • Print
  • Cite
  • Add to your cart (remove)
  • Save record
    BIBTEX Dublin Core MARCXML MARC (non-Unicode/MARC-8) MARC (Unicode/UTF-8) MARC (Unicode/UTF-8, Standard) MODS (XML) RIS
  • More searches
    Search for this title in:
    Other Libraries (WorldCat) Other Databases (Google Scholar) Online Stores (Bookfinder.com) Open Library (openlibrary.org)

Exporting to Dublin Core...

SOUTHVILLE LIBRARY

Southville International School and Colleges Library

1281 Tropical Ave. Cor. Luxembourg St., BF Homes International, Las Pinas City

Tel. No. 8256374 / 252358 Loc. 117/146

Powered by Koha